Statistics for 100 Greatest Movie Characters (2020)

Click here to take the quiz!

General Stats

  • This quiz has been taken 76 times
  • The average score is 47 of 100

Answer Stats

RankMovieActor/VoiceCharacter% Correct
4The Dark Knight (2008)Christian BaleBatman
97%
1Raiders of the Lost Ark (1981)Harrison FordIndiana Jones
95%
6The Dark Knight (2008)Heath LedgerThe Joker
94%
3Star Wars (1977)Harrison FordHan Solo
92%
9Star Wars (1977)James Earl Jones (voice)Darth Vader
91%
13The Avengers (2012)Robert Downey Jr.Iron Man
89%
2Dr. No (1962)Sean ConneryJames Bond
88%
14Pirates of the Caribbean: The Curse of the Black Pearl (2003)Johnny DeppJack Sparrow
86%
67Harry Potter and the Philosopher's Stone (2001)Daniel RadcliffeHarry Potter
85%
36Rocky (1976)Sylvester StalloneRocky Balboa
85%
21The Silence of the Lambs (1991)Anthony HopkinsHannibal Lecter
83%
19The Avengers (2012)Tom HiddlestonLoki
83%
50Star Wars (1977)Mark HamillLuke Skywalker
83%
27Forrest Gump (1994)Tom HanksForrest Gump
82%
28The Terminator (1984)Arnold SchwarzeneggerThe Terminator
82%
62E.T. The Extra-Terrestrial (1982)Pat Welsh (voice)E.T.
80%
12Back to the Future (1985)Michael J. FoxMarty McFly
78%
30The Lord of the Rings: The Fellowship of the Ring (2001)Ian McKellenGandalf
77%
80V For Vendetta (2005)Hugo WeavingV
77%
63X-Men (2000)Hugh JackmanWolverine
77%
82Toy Story (1995)Tom Hanks (voice)Woody
77%
59Ace Ventura: Pet Detective (1994)Jim CarreyAce Ventura
74%
46The Avengers (2012)Chris EvansCaptain America
74%
11The Godfather (1972)Al PacinoMichael Corleone
69%
51Star Wars (1977)Alec GuinnessObi-Wan Kenobi
69%
10The Big Lebowski (1998)Jeff BridgesThe Dude
69%
16Anchorman: The Legend of Ron Burgundy (2004)Will FerrellRon Burgundy
68%
89Guardians of the Galaxy (2014)Vin Diesel (voice)Groot
66%
38The Empire Strikes Back (1980)Frank Oz (voice)Yoda
66%
68The Matrix (1999)Keanu ReevesNeo
65%
53The Godfather (1972)Marlon BrandoVito Corleone
65%
40Ferris Bueller's Day Off (1986)Matthew BroderickFerris Bueller
63%
66The Lord of the Rings: The Two Towers (2002)Andy SerkisGollum / Sméagol
63%
57The Hunger Games (2012)Jennifer LawrenceKatniss Everdeen
62%
71Guardians of the Galaxy (2014)Chris PrattStar-Lord
62%
94The Lord of the Rings: The Fellowship of the Ring (2001)Orlando BloomLegolas
60%
93The Addams Family (1991)Christina RicciWednesday Addams
60%
15The Lord of the Rings: The Fellowship of the Ring (2001)Viggo MortensenAragorn
58%
61The Hobbit: An Unexpected Journey (2012)Martin FreemanBilbo Baggins
58%
20Back to the Future (1985)Christopher LloydDoc Brown
57%
83The Dark Knight Rises (2012)Tom HardyBane
55%
7Die Hard (1988)Bruce WillisJohn McClane
55%
54Amélie (2001)Audrey TautouAmélie Poulain
54%
73Donnie Darko (2001)Jake GyllenhaalDonnie Darko
54%
5Alien (1979)Sigourney WeaverEllen Ripley
54%
96Despicable Me (2010)N/AThe Minions
54%
98Transformers (2007)Peter Cullen (voice)Optimus Prime
52%
97Psycho (1960)Anthony PerkinsNorman Bates
51%
77The Lord of the Rings: The Fellowship of the Ring (2001)Sean AstinSamwise Gamgee
51%
72Star Trek (2009)Chris PineCaptain Kirk
49%
23Kill Bill: Vol. 1 (2003)Uma ThurmanThe Bride
48%
88Wallace & Gromit: The Curse of the Were-Rabbit (2005)N/AGromit
46%
902001: A Space OdysseyDouglas Rain (voice)Hal
46%
58The Terminator (1984)Linda HamiltonSarah Connor
46%
95Gladiator (2000)Russell CroweMaximus
45%
8Fight Club (1999)Brad PittTyler Durden
43%
52Shaun of the Dead (2004)Simon PeggShaun Riley
42%
26American Psycho (2000)Christian BalePatrick Bateman
40%
35To Kill a Mockingbird (1962)Gregory PeckAtticus Finch
37%
70Scarface (1983)Al PacinoTony Montana
37%
55Beverly Hills Cop (1984)Eddie MurphyAxel Foley
35%
31Ghostbusters (1984)Bill MurrayPeter Venkman
35%
86The Shawshank Redemption (1994)Morgan FreemanRed
35%
22Taxi Driver (1976)Robert De NiroTravis Bickle
35%
87Mission: Impossible (1996)Tom CruiseEthan Hunt
31%
65Inglourious Basterds (2009)Christoph WaltzHans Landa
29%
41The Usual Suspects (1995)Kevin SpaceyKeyser Söze
29%
18Casablanca (1942)Humphrey BogartRick Blaine
26%
25The Evil Dead (1981)Bruce CampbellAsh
25%
74The Naked Gun (1988)Leslie NielsenFrank Drebin
25%
44No Country For Old Men (2007)Javier BardemAnton Chigurh
23%
100The Incredibles (2004)Brad Bird (voice)Edna Mode
23%
91The Princess Bride (1987)Mandy PatinkinInigo Montoya
23%
49Dirty Harry (1971)Clint EastwoodHarry Callahan
22%
60Django Unchained (2012)Christoph WaltzDr. King Schultz
20%
92The Pink Panther (1963)Peter SellersInspector Clouseau
20%
32Pulp Fiction (1994)Samuel L. JacksonJules Winnfield
20%
81Withnail & I (1987)Richard E. GrantWithnail
20%
64It's A Wonderful Life (1946)James StewartGeorge Bailey
18%
33A Fistful of Dollars (1964)Clint EastwoodThe Man With No Name
18%
24There Will Be Blood (2007)Daniel Day-LewisDaniel Plainview
15%
39Drive (2011)Ryan GoslingDriver
15%
75The Girl With The Dragon Tattoo (2009)Noomi RapaceLisbeth Salander
15%
47Blade Runner (1982)Harrison FordRick Deckard
15%
99One Flew Over The Cuckoo's Nest (1975)Jack NicholsonRandle McMurphy
12%
29Escape From New York (1981)Kurt RussellSnake Plissken
12%
69Fargo (1996)Frances McDormandMarge Gunderson
11%
45Goodfellas (1990)Joe PesciTommy DeVito
11%
48American Beauty (1999)Kevin SpaceyLester Burnham
9%
17The Grand Budapest Hotel (2014)Ralph FiennesM. Gustave
9%
43Gone Girl (2014)Rosamund PikeAmy Dunne
8%
34Serenity (2005)Nathan FillionCaptain Mal Reynolds
8%
37The Big Lebowski (1998)John GoodmanWalter Sobchak
8%
78Grosse Pointe Blank (1997)John CusackMartin Blank
6%
84Aliens (1986)Michael BiehnCorporal Hicks
5%
56Big Trouble in Little China (1986)Kurt RussellJack Burton
5%
76Aliens (1986)Bill PaxtonPrivate William Hudson
5%
79Blade Runner (1982)Rutger HauerRoy Batty
5%
42Nightcrawler (2014)Jake GyllenhaalLou Bloom
2%
85Point Blank (1967)Lee MarvinWalker
2%

Score Distribution

Percentile by Number Answered

Percent of People with Each Score

Your Score History

You have not taken this quiz